| 000 | 00796cab a2200253 4500 | ||
|---|---|---|---|
| 001 | ABS59478 | ||
| 008 | 090401t1998 xxu||||| |||| 00| 0 eng d | ||
| 035 | _a(Sirsi) u89121 | ||
| 041 | _aeng | ||
| 100 | _aJopling, N. | ||
| 245 | _aHow the Asian crisis has affected London`s property market? | ||
| 260 | _c1998 | ||
| 350 | _a0 | ||
| 490 |
_aProperty Forecast _v1(7) October 1998, 4(1) |
||
| 520 | _aDiscusses how the financial crisis in Asia at the end of 1997 has had little effect on the London residential market, despite initial concerns. | ||
| 650 | _aASIA | ||
| 650 | _aFINANCIAL CRISIS | ||
| 650 | _aHOUSE SALES | ||
| 650 | _aHOUSES PRICES | ||
| 650 | _aLONDON | ||
| 690 | _aPROPERTY-RESIDENTIAL PROPERTY-RESIDENTIAL PROPERTY MARKET | ||
| 942 | _n0 | ||
| 948 | _c20/10/1998 | ||
| 999 |
_c56349 _d56349 |
||